Normal view MARC view

Entry Personal Name

Number of records used in: 1

001 - CONTROL NUMBER

  • control field: 1153403

003 - CONTROL NUMBER IDENTIFIER

  • control field: OSt

005 - DATE AND TIME OF LATEST TRANSACTION

  • control field: 20260324115117.0

008 - FIXED-LENGTH DATA ELEMENTS

  • fixed length control field: 260324|| aca||aabn | a|a d

040 ## - CATALOGING SOURCE

  • Original cataloging agency: OSt
  • Transcribing agency: OSt

100 ## - HEADING--PERSONAL NAME

  • Personal name: Konstantinos Papadikis; Chee Chin; Isaac Galobardes; Guobin Gong; Fangyu Guo

670 ## - SOURCE DATA FOUND

  • Source citation: Work cat.: (OSt)1744035: Konstantinos Papadikis; Chee Chin; Isaac Galobardes; Guobin Gong; Fangyu Guo, Sustainable Buildings and Structures: Building a Sustainable Tomorrow
Copyright @ Delhi University Library System